Picotazos / (Record no. 133677)

MARC details
000 -LEADER
campo de control de longitud fija 00692nam a2200229 i 4500
001 - NÚMERO DE CONTROL
campo de control 133677
003 - IDENTIFICADOR DE NÚMERO DE CONTROL
campo de control ES-MaACL
005 - FECHA Y HORA DE LA ÚLTIMA TRANSACCIÓN
campo de control 20250808022129.0
007 - CAMPO FIJO DE DESCRIPCIÓN FÍSICA--INFORMACIÓN GENERAL
campo de control de longitud fija t|
008 - DATOS DE LONGITUD FIJA--INFORMACIÓN GENERAL
campo de control de longitud fija 070824s1960 sp ||||1| spa d
080 ## - NÚMERO DE LA CLASIFICACIÓN DECIMAL UNIVERSAL
Número de la Clasificación Decimal Universal 85-7"19"
100 1# - ENTRADA PRINCIPAL--NOMBRE DE PERSONA
Nombre de persona Malaparte, Curzio.
9 (RLIN) 75687
245 10 - MENCIÓN DEL TÍTULO
Título Picotazos /
Mención de responsabilidad, etc. Curzio Malaparte [seud.] ; [versión española de Jesús López Pacheco].
260 ## - PUBLICACIÓN, DISTRIBUCIÓN, ETC.
Lugar de publicación, distribución, etc. Barcelona :
Nombre del editor, distribuidor, etc. Luis de Caralt,
Fecha de publicación, distribución, etc. [1960]
300 ## - DESCRIPCIÓN FÍSICA
Extensión 343 p. ;
Dimensiones 24 cm.
490 1# - MENCIÓN DE SERIE
Mención de serie La vida vivida
700 1# - ENTRADA AGREGADA--NOMBRE PERSONAL
Nombre de persona López Pacheco, Jesús,
Fechas asociadas al nombre 1930-1997
9 (RLIN) 73855
830 13 - PUNTO DE ACCESO ADICIONAL DE SERIE-TÍTULO UNIFORME
Título uniforme La vida vivida
9 (RLIN) 180877
852 ## - LOCALIZACIÓN
Ubicación ES-MaACL
Número de control de estantería C-19677
852 ## - LOCALIZACIÓN
Ubicación ES-MaACL
Número de control de estantería C-18697
Holdings
Estatus retirado Estado de pérdida Estado de daño No para préstamo Biblioteca de origen Biblioteca actual Ubicación en estantería Fecha de adquisición Fuente de adquisición Total de préstamos Signatura topográfica completa Código de barras Visto por última vez Precio de reemplazo Tipo de ítem Koha
        Biblioteca del Ateneo de Madrid Biblioteca del Ateneo de Madrid Galería 17/01/2008     C-18697 1139158 23/02/2023 23/02/2023 Libro impreso
        Biblioteca del Ateneo de Madrid Biblioteca del Ateneo de Madrid Galería 17/01/2008     C-19677 1139157 23/02/2023 23/02/2023 Libro impreso